Least and most corrupt countries - Statistics

General Stats
  • This quiz has been taken 1,908 times
    1,878 since last reset
  • The average score is 13 of 20
Answer Stats
# Answer % Correct
6 Sweden
90%
7 Norway
89%
3 Finland
86%
2 Denmark
84%
10 Germany
72%
4 Switzerland
71%
8 Netherlands
69%
172 North Korea
69%
171 D.R. Congo
66%
180 Somalia
66%
1 New Zealand
63%
9 Luxembourg
61%
178 Syria
61%
175 Sudan
59%
179 South Sudan
56%
177 Yemen
52%
176 Venezuela
51%
5 Singapore
49%
173 Libya
48%
174 Equatorial Guinea
14%
No matching quizzes found
Score Distribution
Percent of People with Each Score
Percentile by Number Answered
Your Score History
You have not taken this quiz since the last reset